000
00284nam a2200121Ia 4500
008
190216s9999||||xx |||||||||||||| ||und||
100
_a
Gordon M Barrow
245
0
_a
Physical Chemistry
260
_b
Mcgraw -hill
_c
1961
300
_a
832p
650
_a
Chemistry-Chemistry
942
_c
BK
999
_c
2238
_d
2238